Statistics for Capitals of Countries that Speak Portuguese

Click here to take the quiz!

General Stats

  • This quiz has been taken 21 times
    (20 since last reset)
  • The average score is 7 of 9

Answer Stats

ContinentAnswer% Correct
South AmericaBrasília
100%
EuropeLisbon
100%
AfricaLuanda
82%
AfricaPraia
82%
AfricaMaputo
76%
AfricaSão Tomé
71%
AsiaDili
65%
AfricaBissau
47%
AfricaMalabo
35%

Score Distribution

Percentile by Number Answered

Percent of People with Each Score

Your Score History

You have not taken this quiz since the last reset